[Event "ST-2020-0-00165"]
[Site "LSS email"]
[Date "2020.09.22"]
[Round "?"]
[White "Wosch, Arkadiusz"]
[Black "Konstantinov, Maxim"]
[Result "1/2-1/2"]
[WhiteElo "2374"]
[BlackElo "2423"]
[PlyCount "81"]
[EventDate "2020.09.09"]
[EventType "tourn (corr)"]
[EventRounds "6"]
[EventCountry "GER"]
[SourceTitle "Corr 2024"]
[Source "ChessBase"]
[SourceDate "2023.10.19"]
[SourceVersion "1"]
[SourceVersionDate "2023.10.19"]
[SourceQuality "1"]

1. e4 e5 2. Nf3 Nc6 3. Bc4 Bc5 4. c3 Nf6 5. d3 0-0 6. 0-0 d6 7. Re1 a5 8. Nbd2 Be6 9. b3 Bb6 10. h3 h6 11. Nf1 a4 12. Bd2 Ne7 13. Bxe6 fxe6 14. b4 Ng6 15. g3 c6 16. Rc1 c5 17. bxc5 Bxc5 18. Be3 b5 19. Bxc5 dxc5 20. Rb1 Rb8 21. Re2 Nd7 22. Kg2 Ne7 23. h4 Qa5 24. Rc1 Rf7 25. N1h2 Nc6 26. Rd2 a3 27. h5 Nf6 28. Qe2 Qc7 29. Nh4 Rd7 30. Ng4 Nxg4 31. Qxg4 Qd6 32. Ng6 Rdb7 33. Kh3 Rd8 34. Nh4 Ra7 35. Kg2 Rb7 36. Qd1 Na5 37. Nf3 Kh7 38. Qe2 Rf8 39. Rdc2 Rd8 40. Rb1 Rdb8 41. Nh4 1/2-1/2

[Event "ST-2020-0-00150"]
[Site "LSS email"]
[Date "2020.07.08"]
[Round "?"]
[White "Martin, Angel"]
[Black "Konstantinov, Maxim"]
[Result "1/2-1/2"]
[WhiteElo "2374"]
[BlackElo "2406"]
[PlyCount "109"]
[EventDate "2020.05.17"]
[EventType "tourn (corr)"]
[EventRounds "6"]
[EventCountry "GER"]
[SourceTitle "Corr 2024"]
[Source "ChessBase"]
[SourceDate "2023.10.19"]
[SourceVersion "1"]
[SourceVersionDate "2023.10.19"]
[SourceQuality "1"]

1. e4 c5 2. Nf3 d6 3. d4 cxd4 4. Nxd4 Nf6 5. Nc3 a6 6. Bg5 Nbd7 7. Bc4 Qb6 8. Bb3 e6 9. Qd2 Be7 10. 0-0-0 Nc5 11. f3 Qc7 12. Kb1 Bd7 13. g4 b5 14. a3 Qb7 15. Rhe1 0-0 16. h4 Rfe8 17. Bxf6 Bxf6 18. g5 Be7 19. Nd5 exd5 20. Bxd5 Qc7 21. f4 Ne6 22. Nf5 Bc6 23. h5 Bf8 24. Ba2 Rac8 25. g6 Kh8 26. Nxd6 Bxd6 27. Qxd6 Nd8 28. Qd3 a5 29. e5 b4 30. axb4 axb4 31. f5 Ba4 32. Rd2 Qa5 33. Qd5 Qc7 34. Qd3 Qa5 35. Qd5 Qxd5 36. Bxd5 f6 37. e6 Bc6 38. Ba2 Nb7 39. Rd4 Na5 40. Rxb4 Ba8 41. Rd1 Nc6 42. Rf4 Kg8 43. Rd6 Ne7 44. b4 Rb8 45. Kb2 Bg2 46. c3 h6 47. Bb1 Rec8 48. Rd7 Kf8 49. Rfd4 Bf3 50. Kb3 Ke8 51. Rf4 Bxh5 52. c4 Be2 53. Kc3 Rb5 54. c5 Rbb8 55. Rfd4 1/2-1/2

[Event "ST-2020-0-00142"]
[Site "LSS email"]
[Date "2020.03.28"]
[Round "?"]
[White "Konstantinov, Maxim"]
[Black "Pijl, Richard"]
[Result "1/2-1/2"]
[WhiteElo "2417"]
[BlackElo "2375"]
[PlyCount "62"]
[EventDate "2020.02.25"]
[EventType "tourn (corr)"]
[EventRounds "6"]
[EventCountry "GER"]
[SourceTitle "Corr 2022"]
[Source "ChessBase"]
[SourceDate "2021.10.24"]
[SourceVersion "1"]
[SourceVersionDate "2021.10.24"]
[SourceQuality "1"]

1. e4 e6 2. b3 d5 3. Bb2 dxe4 4. Nc3 Nf6 5. Qe2 Bb4 6. 0-0-0 0-0 7. Nxe4 Nbd7 8. Nxf6+ Nxf6 9. g4 Qd6 10. g5 Nd5 11. Qe5 Qxe5 12. Bxe5 Ba3+ 13. Bb2 Bxb2+ 14. Kxb2 Bd7 15. Ne2 Bc6 16. Rg1 Ne7 17. Nd4 Bd5 18. Rg4 b6 19. Re1 Rfd8 20. Bd3 c5 21. Ne2 g6 22. h4 Bf3 23. Rg3 Bxe2 24. Rxe2 Kg7 25. Be4 Rab8 26. c3 Rd7 27. Kc2 Rh8 28. Ree3 h6 29. Rd3 Rc7 30. Rg1 hxg5 31. hxg5 Nf5 1/2-1/2

[Event "ST-2020-0-00142"]
[Site "LSS email"]
[Date "2020.03.28"]
[Round "?"]
[White "Marciz, Alexander"]
[Black "Konstantinov, Maxim"]
[Result "1/2-1/2"]
[WhiteElo "2403"]
[BlackElo "2417"]
[PlyCount "56"]
[EventDate "2020.02.25"]
[EventType "tourn (corr)"]
[EventRounds "6"]
[EventCountry "GER"]
[SourceTitle "Corr 2022"]
[Source "ChessBase"]
[SourceDate "2021.10.24"]
[SourceVersion "1"]
[SourceVersionDate "2021.10.24"]
[SourceQuality "1"]

1. d4 Nf6 2. Nf3 g6 3. c4 Bg7 4. g3 d5 5. cxd5 Nxd5 6. Bg2 Nb6 7. Nc3 Nc6 8. e3 0-0 9. 0-0 Re8 10. Re1 a5 11. Qe2 Be6 12. Rd1 Bc4 13. Qc2 Nb4 14. Qe4 e6 15. Ne5 Ba6 16. a3 N4d5 17. Bd2 f6 18. Nf3 Bc4 19. Rdc1 f5 20. Qc2 Nxc3 21. Bxc3 a4 22. Nd2 Bd5 23. e4 fxe4 24. Nxe4 Nc4 25. Re1 Nd6 26. Nxd6 Qxd6 27. Bxd5 Qxd5 28. Re4 Qc6 1/2-1/2

[Event "ST-2020-0-00141"]
[Site "LSS email"]
[Date "2020.03.27"]
[Round "?"]
[White "Cornel, Matei"]
[Black "Konstantinov, Maxim"]
[Result "1/2-1/2"]
[WhiteElo "2371"]
[BlackElo "2417"]
[PlyCount "99"]
[EventDate "2020.02.12"]
[EventType "tourn (corr)"]
[EventRounds "6"]
[EventCountry "GER"]
[SourceTitle "Corr 2022"]
[Source "ChessBase"]
[SourceDate "2021.10.24"]
[SourceVersion "1"]
[SourceVersionDate "2021.10.24"]
[SourceQuality "1"]

1. d4 Nf6 2. c4 g6 3. Nc3 Bg7 4. e4 d6 5. f3 0-0 6. Be3 Nc6 7. Nge2 a6 8. Qd2 Rb8 9. Rc1 Bd7 10. Nd1 e5 11. d5 Ne7 12. Nf2 Ne8 13. g3 c5 14. Bh3 f5 15. 0-0 b5 16. b4 cxb4 17. c5 dxc5 18. Bxc5 a5 19. d6 Nc6 20. exf5 gxf5 21. f4 Rc8 22. Bg2 Kh8 23. Rfd1 exf4 24. Nxf4 Nf6 25. Qe2 Bh6 26. N2h3 a4 27. Bxc6 Rxc6 28. Qxb5 Qa8 29. Qxb4 Ne4 30. Nf2 Bxf4 31. Qd4+ Kg8 32. Qd5+ Kg7 33. Bd4+ Nf6 34. Rxc6 Qxc6 35. Qxc6 Bxc6 36. gxf4 Rg8 37. Kf1 Bb5+ 38. Nd3 Rd8 39. Be5 Kf7 40. Ke1 Ne4 41. Nf2 Rg8 42. Nxe4 Rg1+ 43. Kd2 Rxd1+ 44. Kxd1 fxe4 45. f5 e3 46. Bd4 e2+ 47. Kd2 Bd3 48. Bc5 Bxf5 49. Kxe2 h5 50. Kf3 1/2-1/2

[Event "ST-2020-0-00141"]
[Site "LSS email"]
[Date "2020.03.20"]
[Round "?"]
[White "Mueller Alves, Martin"]
[Black "Konstantinov, Maxim"]
[Result "1/2-1/2"]
[WhiteElo "2402"]
[BlackElo "2417"]
[PlyCount "56"]
[EventDate "2020.02.12"]
[EventType "tourn (corr)"]
[EventRounds "6"]
[EventCountry "GER"]
[SourceTitle "Corr 2022"]
[Source "ChessBase"]
[SourceDate "2021.10.24"]
[SourceVersion "1"]
[SourceVersionDate "2021.10.24"]
[SourceQuality "1"]

1. e4 c5 2. Nf3 d6 3. d4 cxd4 4. Nxd4 Nf6 5. Nc3 a6 6. f3 e5 7. Nb3 Be6 8. Be3 Nc6 9. Nd5 Bxd5 10. exd5 Ne7 11. c4 g6 12. Bd3 Bg7 13. 0-0 0-0 14. Nd2 b5 15. b3 Qd7 16. Rb1 Nf5 17. Bxf5 gxf5 18. a4 Rab8 19. a5 Nh5 20. Rc1 Nf4 21. Bb6 Bh6 22. Kh1 Ng6 23. Rg1 Rbc8 24. Rc2 Rfe8 25. Qe2 Bg5 26. g3 Kh8 27. Be3 h6 28. Bb6 Kh7 1/2-1/2

[Event "ST-2020-0-00140"]
[Site "LSS email"]
[Date "2020.03.14"]
[Round "?"]
[White "Konstantinov, Maxim"]
[Black "Pascual Perez, Norge"]
[Result "1/2-1/2"]
[WhiteElo "2417"]
[BlackElo "2451"]
[PlyCount "75"]
[EventDate "2020.02.07"]
[EventType "tourn (corr)"]
[EventRounds "6"]
[EventCountry "GER"]
[SourceTitle "Corr 2022"]
[Source "ChessBase"]
[SourceDate "2021.10.24"]
[SourceVersion "1"]
[SourceVersionDate "2021.10.24"]
[SourceQuality "1"]

1. d4 Nf6 2. c4 e6 3. Nc3 Bb4 4. e3 0-0 5. Nge2 Re8 6. a3 Bf8 7. Ng3 d5 8. Be2 b6 9. 0-0 Ba6 10. e4 Nxe4 11. Ncxe4 dxe4 12. Nxe4 Nc6 13. Be3 Bb7 14. Ng3 g6 15. Bf3 Qc8 16. Qc2 Rd8 17. Rad1 Bg7 18. Ne2 Ne7 19. Bg4 c6 20. h4 h5 21. Bh3 Nf5 22. Bxf5 exf5 23. g3 Rd7 24. Rd2 Qe8 25. Kh2 a5 26. Nf4 b5 27. c5 Re7 28. b3 Re4 29. Rc1 Qd7 30. Rd3 a4 31. b4 Rae8 32. Qd1 Qc8 33. Rc2 Kh7 34. Ne2 Qd7 35. Nc3 Bc8 36. Qf3 Qe6 37. Rc1 Bf6 38. Kg1 1/2-1/2

[Event "ST-2020-0-00142"]
[Site "LSS email"]
[Date "2020.03.10"]
[Round "?"]
[White "Konstantinov, Maxim"]
[Black "Willmann, Bernd"]
[Result "1/2-1/2"]
[WhiteElo "2417"]
[BlackElo "2354"]
[PlyCount "67"]
[EventDate "2020.02.25"]
[EventType "tourn (corr)"]
[EventRounds "6"]
[EventCountry "GER"]
[SourceTitle "Corr 2022"]
[Source "ChessBase"]
[SourceDate "2021.10.24"]
[SourceVersion "1"]
[SourceVersionDate "2021.10.24"]
[SourceQuality "1"]

1. e4 c5 2. Nf3 d6 3. d4 cxd4 4. Nxd4 Nf6 5. Nc3 a6 6. h3 e5 7. Nb3 Be7 8. Be3 h6 9. Qd2 Qc7 10. g4 b5 11. a4 b4 12. Nd5 Nxd5 13. exd5 0-0 14. 0-0-0 Bd7 15. a5 Ba4 16. Kb1 Bxb3 17. cxb3 Qxa5 18. h4 Nd7 19. Bd3 Qd8 20. g5 h5 21. f4 exf4 22. Bd4 g6 23. Rhf1 Ne5 24. Rxf4 Qc7 25. Rdf1 Rae8 26. Be4 Qd7 27. Qf2 Rb8 28. Bxe5 dxe5 29. Rxf7 Qd6 30. Qf3 a5 31. Bc2 Qa6 32. Bd3 Qd6 33. Ka2 Rbd8 34. Kb1 1/2-1/2

[Event "ST-2020-0-00139"]
[Site "LSS email"]
[Date "2020.03.09"]
[Round "?"]
[White "Konstantinov, Maxim"]
[Black "Marciz, Alexander"]
[Result "1/2-1/2"]
[WhiteElo "2417"]
[BlackElo "2399"]
[PlyCount "59"]
[EventDate "2020.02.02"]
[EventType "tourn (corr)"]
[EventRounds "6"]
[EventCountry "GER"]
[SourceTitle "Corr 2022"]
[Source "ChessBase"]
[SourceDate "2021.10.24"]
[SourceVersion "1"]
[SourceVersionDate "2021.10.24"]
[SourceQuality "1"]

1. Nf3 c5 2. c4 Nc6 3. Nc3 Nf6 4. e3 e6 5. d4 d5 6. cxd5 Nxd5 7. Bd3 Be7 8. Qe2 cxd4 9. exd4 Nf6 10. 0-0 0-0 11. Rd1 b6 12. a3 Bb7 13. Bf4 Rc8 14. Rac1 Na5 15. Be3 Nb3 16. Rc2 Nd5 17. Ne5 f6 18. Nxd5 Qxd5 19. Nf3 Qh5 20. Bf4 Bd5 21. h4 Rxc2 22. Bxc2 Rc8 23. Re1 Bf8 24. Be4 Rc6 25. g3 a6 26. Kg2 Bc4 27. Qe3 Bd5 28. Qe2 Bc4 29. Qe3 Bd5 30. Qe2 1/2-1/2

[Event "ST-2020-0-00139"]
[Site "LSS email"]
[Date "2020.02.26"]
[Round "?"]
[White "Steinke, Ruediger"]
[Black "Konstantinov, Maxim"]
[Result "1/2-1/2"]
[WhiteElo "2362"]
[BlackElo "2417"]
[PlyCount "86"]
[EventDate "2020.02.02"]
[EventType "tourn (corr)"]
[EventRounds "6"]
[EventCountry "GER"]
[SourceTitle "Corr 2022"]
[Source "ChessBase"]
[SourceDate "2021.10.24"]
[SourceVersion "1"]
[SourceVersionDate "2021.10.24"]
[SourceQuality "1"]

1. e4 c5 2. Nf3 e6 3. d4 cxd4 4. Nxd4 Nc6 5. Nc3 Qc7 6. Be3 a6 7. a3 b5 8. Nxc6 Qxc6 9. Be2 Bb7 10. 0-0 Bd6 11. Qd4 Nf6 12. Rad1 Bb8 13. Bg5 Qc7 14. g3 Ba7 15. Qd3 h6 16. Bf4 e5 17. Be3 Bb6 18. Bxb6 Qxb6 19. Rfe1 Rc8 20. Bf1 0-0 21. Qe3 Rc5 22. Bh3 Rd8 23. Rd3 Qc7 24. f3 d6 25. Red1 Kh7 26. Qd2 Rc6 27. Qf2 Rb6 28. Qe3 g6 29. R3d2 Kg7 30. Rd3 h5 31. Bf1 Rc6 32. R3d2 Rc5 33. Qf2 Bc8 34. Na2 Rc6 35. Nb4 Rb6 36. Nd5 Nxd5 37. Rxd5 Be6 38. R5d2 b4 39. axb4 Rxb4 40. b3 a5 41. Ra1 Rc8 42. Rad1 Qc3 43. h4 Rc6 1/2-1/2